00351nam a2200121Ia 4500008004100000041000800041082000800049100005800057245003900115260004900154300002000203440000600223221007s9999 xx 000 0 und d aeng bRUT aRutuja Bidve - 2k181008 & Dr. Sonali Parchure - Guide aStudy And Analysis Of Mutual Funds c2019bSavitribai Phule Pune UniversityaPune a76pcHard Bound v1